| 000 | 01404cam a2200325 a 4500 | ||
|---|---|---|---|
| 001 | 000001265 | ||
| 005 | 20200929145526.0 | ||
| 008 | 840316m19469999cl ach b 001 0 spa d | ||
| 040 |
_aDO-SdBNP _cBNPHU _bspa |
||
| 082 |
_a983.04 _bA673a |
||
| 110 | 2 |
_aArchivo Nacional (Chile) _94289 |
|
| 245 | 1 | 0 |
_aArchivo de don Bernardo O'Higgins / _cArchivo Nacional. |
| 246 | 1 | 7 | _aArchivo O'Higgins |
| 260 |
_aSantiago de Chile : _bValenzuela Basterrica y CIA, _c[1946- ]. |
||
| 300 |
_av. : _bil., facsíms., retrs. ; _c23 cm. |
||
| 500 | _a"Archivo Nacional" -- sobre el título. | ||
| 500 | _a"Ley 7367, de 20 de noviembre de 1942" -- Portada | ||
| 500 | _aDescripción basada en el tomo 10. | ||
| 500 | _aComisión directora: Ricardo Donoso, Jaime Eyzaguirre, Guillermo Feliú Crúz, Eugenio Pereira Salas, Luis Valencia Avaria -- v. 10. | ||
| 505 | 2 | _aTomo 10. Gazeta de Santiago de Chile -- | |
| 600 | 1 | 0 |
_aO'Higgins, Bernardo, _d1778-1842 _xARCHIVOS. _94290 |
| 651 | 4 |
_aChile _xHistoria _yGUERRA DE LA INDEPENDENCIA, 1810-1824 _xFuentes. _94291 |
|
| 651 | 4 |
_aChile _xHistoria Diplomática _y1810-1824. _94292 |
|
| 700 | 1 |
_aO'Higgins, Bernardo, _d1778-1842. _tArchivo de don Bernardo O'Higgins. _94293 |
|
| 700 | 1 |
_aDonoso, Ricardo _94294 |
|
| 700 | 1 |
_aEyzaguirre, Jaime _94295 |
|
| 700 | 1 |
_aFeliú Cruz, Guillermo _94296 |
|
| 700 | 1 |
_aPereira Salas, Eugenio _94297 |
|
| 700 | 1 |
_aValencia Avaria, Luis _94298 |
|
| 999 |
_c1208 _d1208 |
||